|
|
|
|
| LEADER |
01029nam a2200241 a 4500 |
| 001 |
4217 |
| 003 |
BD-DhAAL |
| 008 |
090430s1986 sz i000 0 eng d |
| 999 |
|
|
|c 309
|d 309
|
| 010 |
|
|
|a 87122897
|
| 020 |
|
|
|a 9241560940 (pbk.) :
|c 3.00F
|
| 040 |
|
|
|a DLC
|c DLC
|d DLC
|d BD-DhAAL
|
| 082 |
0 |
0 |
|a 618.9220091724
|2 20
|
| 245 |
0 |
0 |
|a Basic principles for control of acute respiratory infections in children in developing countries :
|b a joint WHO/UNICEF statement.
|
| 260 |
|
|
|a Geneve :
|b World Health Organization ;
|a Albany, NY :
|b WHO Publications Center USA, [distributor],
|c 1986.
|
| 300 |
|
|
|a 18 pages ;
|c 21 cm.
|
| 541 |
1 |
|
|e 4217
|
| 650 |
|
0 |
|a Pediatric respiratory diseases
|z Developing countries
|x Prevention.
|9 26459
|
| 710 |
2 |
|
|a World Health Organization.
|9 26460
|
| 710 |
2 |
|
|a UNICEF.
|9 26461
|
| 852 |
4 |
|
|a Ayesha Abed Library
|c General Stacks
|
| 942 |
|
|
|2 ddc
|c BK
|
| 952 |
|
|
|0 0
|1 0
|2 ddc
|4 0
|6 618_922009170000000_BAS_1986
|7 0
|9 284
|a BRACUL
|b BRACUL
|c GEN
|d 2009-04-30
|g 151.00
|l 0
|o 618.92200917 BAS
|p 3010004217
|r 2009-04-30
|t 1
|w 2009-04-30
|y BK
|